000 00543nam a22001817a 4500
003 MPLRDC
005 20220104154349.0
008 210129b ||||| |||| 00| 0 eng d
082 _a524.9275 DZ 1987
100 _a董总出版组编辑
245 _a高级数学: 历届试题集 (第一辑) 1975-1986年
_c
250 _a初版
260 _a
_b马来西亚华校董事联合
_c1987
300 _b
490 _a马来西亚华文独中高中统考
650 _a中等教育--高中统考高级数学
942 _cBK
_o524.9275 DZ 1987
999 _c53941
_d53931